000
00225nam a22000857a 4500
008
170301b xxu||||| |||| 00| 0 eng d
100
_9
2973
_a
Ratchliffe.S
245
_a
Oxfrd Quotations and Provebs
260
_a
New Delhi
_b
Oxfrd
_c
2001
999
_c
6217
_d
6217